[Event "Moscow op-B 04th"]
[Site "Moscow"]
[Date "2008.02.02"]
[Round "1"]
[White "Solovyov, Anton D"]
[Black "Radjanets, Andrey"]
[Result "1-0"]
[WhiteElo "2212"]
[BlackElo "1957"]
[PlyCount "54"]
[EventDate "2008.02.02"]
[EventType "swiss"]
[EventRounds "9"]
[EventCountry "RUS"]
[SourceTitle "CBM 122 Extra"]
[Source "ChessBase"]
[SourceDate "2008.03.04"]
[SourceVersion "1"]
[SourceVersionDate "2008.03.04"]
[SourceQuality "1"]

1. d4 Nf6 2. c4 c5 3. d5 b5 4. cxb5 a6 5. bxa6 g6 6. Nc3 Bxa6 7. Nf3 Bg7 8. g3 0-0 9. Bg2 d6 10. 0-0 Nbd7 11. Rb1 Qc7 12. b3 Nb6 13. Bb2 Qb7 14. Nh4 Ng4 15. h3 Ne5 16. Re1 f5 17. f4 Ned7 18. e4 fxe4 19. Nxe4 Nf6 20. Ng5 Bb5 21. a4 Be8 22. Ne6 Rf7 23. f5 Nbxd5 24. fxg6 hxg6 25. Nxg7 Rxg7 26. Bxf6 Bc6 27. Bxg7 Kxg7 1-0